Radical democracy in modern Indian political thought / (Record no. 751342)
[ view plain ]
| 000 -LEADER | |
|---|---|
| fixed length control field | 01476nam a22002417a 4500 |
| 020 ## - INTERNATIONAL STANDARD BOOK NUMBER | |
| ISBN | 9781009455961 |
| 082 00 - DEWEY DECIMAL CLASSIFICATION NUMBER | |
| Classification number | 320.954 PAR/R |
| 100 1# - MAIN ENTRY--AUTHOR NAME | |
| Personal name | Parasher, Tejas, |
| 245 10 - TITLE STATEMENT | |
| Title | Radical democracy in modern Indian political thought / |
| Statement of responsibility, etc | Tejas Parasher, University of California, Los Angeles. |
| 250 ## - EDITION STATEMENT | |
| Edition statement | First Edition. |
| 260 ## - PUBLICATION, DISTRIBUTION, ETC. (IMPRINT) | |
| Place of publication | . - New Delhi |
| Name of publisher | : Cambridge University Press |
| Year of publication | . 2024 |
| 300 ## - PHYSICAL DESCRIPTION | |
| Number of Pages | 1 online resource |
| 490 0# - SERIES STATEMENT | |
| Series statement | Ideas in context |
| 500 ## - GENERAL NOTE | |
| General note | Includes index. |
| 505 0# - FORMATTED CONTENTS NOTE | |
| Formatted contents note | Popular Sovereignty and the End of Empire -- "The Genius of the People": The 1923 Constitution of Mysore -- "A Vast Subterranean Democracy": Pluralism in the 1920s -- "A Living Union": The Project of Gandhian Democracy -- Popular Sovereignty, and the Indian Founding -- "Towards Total Revolution": The Aftermath of Independence -- Conclusion: The Challenge of Representative Democracy. |
| 520 ## - SUMMARY, ETC. | |
| Summary, etc | "Drawing on figures ranging from Gandhi to the leaders of the Indian socialist movement, Radical Democracy in Modern Indian Political Thought explores the diversity of political futures imagined at the end of the British Empire and reinterprets the history of representative democracy in South Asia"-- |
| 650 #0 - SUBJECT ADDED ENTRY--TOPICAL TERM | |
| Topical Term | Democracy |
| Geographic subdivision | India. |
| 650 #0 - SUBJECT ADDED ENTRY--TOPICAL TERM | |
| Topical Term | Representative government and representation |
| Geographic subdivision | India. |
| 650 #0 - SUBJECT ADDED ENTRY--TOPICAL TERM | |
| Topical Term | Self-determination, National |
| Geographic subdivision | India. |
| 650 #0 - SUBJECT ADDED ENTRY--TOPICAL TERM | |
| Topical Term | Political science |
| Geographic subdivision | India |
| 942 ## - ADDED ENTRY ELEMENTS (KOHA) | |
| Source of classification or shelving scheme | Dewey Decimal Classification |
| Koha item type | Book |
| Withdrawn status | Lost status | Source of classification or shelving scheme | Damaged status | Not for loan | Home Library | Current Location | Date acquired | Full call number | Accession Number | Price effective from | Koha item type |
|---|---|---|---|---|---|---|---|---|---|---|---|
| Dewey Decimal Classification | Dept. of Political Science | Dept. of Political Science | 01/03/2025 | 320.954 PAR/R | POL23774 | 12/09/2025 | Book |
